000 00969nam a22002417a 4500
999 _c22556
_d22556
003 AR-CdUCM
008 190423b ||||| |||| 00| 0 spa d
020 _a9789972113048
040 _aMUNICIPALIDAD PROVINCIAL DEL CUSCO
_cBIBLIOTECA MUNICIPAL DEL CUSCO
082 _aES/985.019/V66J
_bV66J
100 _aVillanueva Sotomayor, Julio R.
_948503
245 _aJuanita :
_bla dama de Ampato /
_c[Julio R. Villanueva Sotomayor ; edición, Carmen Noblecilla Ramírez]
260 _aLima :
_bBruño,
_c2020.
300 _a32, 16 páginas. :
_bilustraciones ;
_c25 cm.
500 _aIncluye actividades de comprensión lectora. Texto con encuardernación inversa. Texto con encuadernación engrapada. La Doncella y el Apu Ampato.
650 _aIncas
_9303
650 _aInkas
_91899
650 _aVida y costumbres sociales
_9857
650 _aLiteratura juvenil
_91580
700 _aNoblecilla Ramírez, Carmen
_eeditor
_948504
942 _2ddc
_cLIBROS
945 _arac